Największe miasta w Bałkanach - Statystyki

Ogólne statystyki
  • Ten quiz został rozwiązany 46 razy
  • Średni wynik to 16 z 30
Statystyki odpowiedzi
# Państwo Ludność Stolica Odpowiedź % Poprawnych
1 Bułgaria 1 278 031 mieszk. Tak Sofia
95%
6 Albania 113 249 mieszk. Tak Tirana
95%
3 Chorwacja 792 875 mieszk. Tak Zagrzeb
95%
4 Grecja 664 046 mieszk. Tak Ateny
93%
10 Grecja 315 196 mieszk. Nie Saloniki
91%
5 Macedonia Północna 491 000 mieszk. Tak Skopje
91%
2 Serbia 1 273 651 mieszk. Tak Belgrad
88%
16 Czarnogóra 150 977 mieszk. Tak Podgorica
84%
9 Bośnia i Hercegowina 348 363 mieszk. Tak Sarajewo
84%
11 Słowenia 278 000 mieszk. Tak Lublana
81%
18 Kosowo 145 149 mieszk. Tak Prisztina
74%
14 Chorwacja 178 102 mieszk. Nie Split
72%
8 Bułgaria 349 298 mieszk. Nie Warna
70%
12 Serbia 215 400 mieszk. Nie Nowy Sad
63%
7 Bułgaria 368 809 mieszk. Nie Płowdiw
51%
13 Bułgaria 210 027 mieszk. Nie Burgas
47%
17 Słowenia 147 721 mieszk. Nie Maribor
44%
25 Chorwacja 128 624 mieszk. Nie Rijeka
44%
27 Albania 113 249 mieszk. Nie Durres
42%
28 Chorwacja 108 048 mieszk. Nie Osijek
30%
23 Bośnia i Hercegowina 135 059 mieszk. Nie Banja Luka
26%
22 Bułgaria 135 396 mieszk. Nie Stara Zagora
23%
21 Grecja 140 730 mieszk. Nie Heraklion
21%
15 Grecja 161 446 mieszk. Nie Patras
16%
20 Bułgaria 141 474 mieszk. Nie Ruse
16%
19 Grecja 144 651 mieszk. Nie Larisa
14%
30 Serbia 100 000 mieszk. Nie Subotica
12%
24 Grecja 130 094 mieszk. Nie Wolos
12%
26 Serbia 117 072 mieszk. Nie Cacak
5%
29 Grecja 100 723 mieszk. Nie Acharnes
2%
Nie znaleziono quizów pasujących do podanych kryteriów
Rozkład punktacji
Procent ludzi z każdym wynikiem
Percentyl według liczby udzielonych odpowiedzi
Twoja historia wyników
Nie rozwiązałeś tego quizu